000 00329nam a2200145Ia 4500
008 150201s2003 xx 000 0 und d
082 _a615.321
_bM2003H
100 _aHOSSAIN
245 _aMEDICAL THERAPEUTICS
250 _a1ST
260 _bAITBS
_aDELHI
_c2003
300 _a1-300
650 _aPHARMACOLOGY
942 _2ddc
_cBK
999 _c3059
_d3059